NBA Finals Loser Team Starting Fives - Statistics

General Stats
  • This quiz has been taken 517 times
    277 since last reset
  • The average score is 85 of 130
Answer Stats
Player % Correct
Kyrie Irving
98%
Luka Dončić
98%
Jimmy Butler
97%
Klay Thompson
97%
LeBron James
97%
Tristan Thompson
97%
Draymond Green
96%
Dwyane Wade
96%
Jayson Tatum
96%
Kevin Durant
96%
Stephen Curry
96%
Tyrese Haliburton
96%
Danny Green
95%
Devin Booker
95%
Kobe Bryant
95%
Jaylen Brown
94%
R. Westbrook
94%
Tim Duncan
94%
Chris Bosh
93%
Kevin Garnett
93%
Kevin Love
92%
Ray Allen
92%
Bam Adebayo
91%
Paul Pierce
91%
Dwight Howard
90%
Pascal Siakam
90%
Shaquille O'Neal
90%
Tony Parker
90%
Josh Howard
89%
Allen Iverson
88%
Chris Paul
87%
Jason Kidd
87%
J.R. Smith
85%
Rajon Rondo
85%
Al Horford
84%
Dirk Nowitzki
84%
Pau Gasol
84%
Reggie Miller
84%
Ben Wallace
83%
Rasheed Wallace
83%
Tyler Herro
83%
Kawhi Leonard
81%
Myles Turner
80%
Chauncey Billups
79%
Deandre Ayton
77%
Kendrick Perkins
77%
Derek Fisher
74%
Serge Ibaka
72%
Andre Iguodala
71%
Robert Williams
69%
Mario Chalmers
67%
P.J. Washington
63%
Marcus Smart
62%
Richard Hamilton
62%
Andrew Nembhard
61%
Daniel Gafford
61%
Harrison Barnes
60%
Andrew Bogut
59%
Aaron Nesmith
58%
Duncan Robinson
56%
Karl Malone
56%
Tayshaun Prince
53%
Gary Payton
51%
Derrick Jones Jr.
50%
Jumaine Jones
50%
Mikal Bridges
50%
D. Mutombo
47%
Kenyon Martin
46%
Z. Ilgauskas
46%
D. Cousins
44%
Jason Terry
44%
Mark Jackson
43%
Gabe Vincent
38%
George Hill
38%
Richard Jefferson
38%
Tyrone Hill
38%
Jae Crowder
37%
Lamar Odom
35%
Thabo Sefolosha
35%
Hedo Türkoğlu
34%
Dale Davis
33%
Rashard Lewis
33%
Tiago Splitter
33%
Jalen Rose
32%
Max Strus
32%
M. Dellavedova
31%
Rik Smits
29%
Iman Shumpert
28%
Timofey Mozgov
27%
Joel Anthony
25%
Devan George
21%
Courtney Lee
20%
Jason Collins
17%
Keith Van Horn
17%
Kerry Kittles
17%
Aaron McKie
16%
Mike Bibby
16%
Drew Gooden
15%
Daniel Gibson
12%
Rafer Alston
12%
Sasha Pavlović
10%
Adrian Griffin
8%
DeSagana Diop
8%
Todd MacCulloch
7%
V. Radmanović
5%
No matching quizzes found
Score Distribution
Percent of People with Each Score
Percentile by Number Answered
Your Score History
You have not taken this quiz since the last reset